000
00303nam a2200109Ia 4500
008
240109s9999 xx 000 0 und d
041
_a
eng
100
_a
David Irwin
245
_a
Financial Control For Non-Financial Managers
260
_b
Pitman Pubs House ,England / Hongkong
650
_a
Management
999
_c
1024068
_d
1024068